000 01271cam a22003737a 4500
003 CHAP
005 20220329141845.0
008 980311d1982 mx a r 00110 spa d
010 _a74877
011 _a75849
035 _a85420
040 _cCHAP
090 _aTesis
100 0 0 _aAquiahuatl Ramos, María de los Angeles.
_96393
245 1 0 _aTolerancia a la acidez de Rhizobium húesped de Leucaena leucocephala
_c/por María de los Angeles Aquiahuatl Ramos
260 _aMéxico, D. F. :
_bEl autor,
_c1982.
300 _a55 h. :
_bilus. ; grafs.
502 _aTesis (Químico Farmacéutico Biólogo) -- UNAM. Facultad de Química
590 _aALEPH
_b10
_c20130110
_lUCH01
_h1421
590 _aBATCH-UPD
_b10
_c20130110
_lUCH01
_h0525
590 _aBATCH-UPD
_b10
_c20130110
_lUCH01
_h2358
590 _aBATCH-UPD
_b10
_c20130410
_lUCH01
_h0205
590 _aBATCH-UPD
_b10
_c20130913
_lUCH01
_h1904
590 _aCONVERSION
_b10
_c20130109
_lUCH01
_h1341
650 1 4 _aAcidez.
_9565
650 1 4 _aAluminio
_xEfecto en plantas.
_94733
650 1 4 _aLeucaena.
_966378
650 1 4 _aNitrógeno
_xFijación.
_981472
650 1 4 _aRhizobium.
_997124
901 _aBK
905 _aLilia Sánchez G.
942 _cTESIS
949 _bBC
_cTES
_d854201
_eTS1
_h17371
_i85420
_sb
999 _c74877
_d74877